Synchronizácia dát v prostredí cloudu
Synchronizácia a zálohovanie vo svete informačných technológií ako neodmysliteľná súčasť všetkých dôležitých dátových úložísk. Synchronizácia a cloud. Google Cloud Connect a Google Docs. Microsoft Live mesh a Skydrive. Verejná služba DropBox - ďalší zaujímavý nástroj na synchronizáciu dát na interne...
Saved in:
| Main Author: | |
|---|---|
| Other Authors: | |
| Format: | Book Chapter |
| Language: | Slovak |
| Subjects: | |
| Tags: |
No Tags, Be the first to tag this record!
|
MARC
| LEADER | 00000nla$a2200000$$$4500 | ||
|---|---|---|---|
| 001 | 0146161 | ||
| 005 | 20240502072633.4 | ||
| 041 | 0 | |a slo | |
| 044 | |a SK | ||
| 245 | 1 | 0 | |a Synchronizácia dát v prostredí cloudu |c Peter Červenka, Júlia Lipianska |
| 520 | |a Synchronizácia a zálohovanie vo svete informačných technológií ako neodmysliteľná súčasť všetkých dôležitých dátových úložísk. Synchronizácia a cloud. Google Cloud Connect a Google Docs. Microsoft Live mesh a Skydrive. Verejná služba DropBox - ďalší zaujímavý nástroj na synchronizáciu dát na internete, resp. v cloudovom prostredí. | ||
| 610 | 2 | 0 | |a technológie informačné |
| 610 | 2 | 0 | |a technológie komunikačné |
| 610 | 2 | 0 | |a počítače |
| 610 | 2 | 0 | |a internet |
| 100 | 1 | |a Červenka, Peter, 1976- | |
| 700 | 1 | |a Lipianska, Júlia | |